एन्काऊंटर (Record no. 191043)

MARC details
000 -LEADER
fixed length control field 00383nam a2200145Ia 4500
008 - FIXED-LENGTH DATA ELEMENTS--GENERAL INFORMATION
fixed length control field 090124s9999 xx 000 0 und d
082 ## - DEWEY DECIMAL CLASSIFICATION NUMBER
Item number 301468
245 ## - TITLE STATEMENT
Title एन्काऊंटर
250 ## - EDITION STATEMENT
Edition statement 1
260 ## - PUBLICATION, DISTRIBUTION, ETC. (IMPRINT)
Name of publisher, distributor, etc दिघे प्रभाकर
Date of publication, distribution, etc 1985
300 ## - PHYSICAL DESCRIPTION
Extent 70
630 ## - SUBJECT ADDED ENTRY--UNIFORM TITLE
Uniform title एन्काऊंटर
730 ## - ADDED ENTRY--UNIFORM TITLE
Uniform title एन्काऊंटर
942 ## - ADDED ENTRY ELEMENTS (KOHA)
Koha item type Book
Holdings
Withdrawn status Lost status Damaged status Not for loan Home library Current library Date acquired Cost, normal purchase price Total Checkouts Full call number Barcode Date last seen Cost, replacement price Price effective from Koha item type
        Marathi Granth Sangrahalaya,Thane Marathi Granth Sangrahalaya,Thane   14.00   301468 THNMGS-301468 01/24/2009 14.00 01/24/2009 Book